000 00641nam a2200229Ia 4500
003 OSt
005 20221005133757.0
006 a|||||r|||| 00| 0
007 ta
008 221004b |||||||| |||| 00| 0 pan d
024 _a62870
037 _cTextual
040 _aCRL
_cCRL
_bpan
041 _2pan
_apan
082 _aO153,2NRA1x, L6
100 _aਰੈਣਾ, ਭੁਪਿੰਦਰ
245 0 _aਨਿਰਧਨ ਕੋ ਪਾਲੈ
260 _c1976
650 _aਪੰਜਾਬੀ ਸਾਹਿਤ
942 _hO153,2NRA1x, L6
_cTEXL
_2cc
999 _c1067854
_d1067854